00882 a2200193 4500003000500000005001700005020001200022040000900034082001700043100003000060245006700090260002200157300001000179505031300189650001700502942002600519999001900545952012400564Nust20230114150507.0 a7642183 cNust a355.3432,KUL aKullback, Solomon9106826 aStatistical methods in cryptanalysis / cSolomon Kullback, Phd aUSAbAegean press a205:p aIntroduction (Page-1), GeneraalConsiderations Of Probability, (Page-2-3), Statistics (Page-4-6), Applications (Page-24-47), Matching alphabets (Page-48-80), frequency dat (Page-93-132), Statistical tables (Page-133-144), Appendixes (Page-148-157), Charts (Page-158-190), Statisyical Problems (Page-191-201). aCryptography cBK2ddck355.3432,KUL c188749d188749 00102ddc4070aMCSbMCScGENd2016-12-12o355.3432,KULpMCS926r2016-12-08w2016-12-12yBKzAlmirah No.53, Shelf No.2